000 00518nam a22001817a 4500
999 _c4588
_d4588
003 GBCCL
005 20241126110521.0
008 180125b xxu||||| |||| 00| 0 eng d
020 _a1850300097
040 _cgbc
082 _a248.32
_bEAS
100 _aEastman, Dick
_98469
245 _aThe Hour That Changes the World:
_bA Practical Plan for Personal Prayer /
_cDick Eastman
260 _bBridge Publishing,
_aGreat Britain:
_c1984
300 _a156 p.;
_bill.,
_c20 cm.
650 _aPrayer
_9332
942 _2ddc
_cBK
_06